Creating an efficient working environment (Record no. 118469)

MARC details
000 -LEADER
fixed length control field 00995cam a2200241 4500
001 - CONTROL NUMBER
control field ABS68569
008 - FIXED-LENGTH DATA ELEMENTS--GENERAL INFORMATION
fixed length control field 041222n2004 000 0 eng u
035 ## - SYSTEM CONTROL NUMBER
System control number (Sirsi) u128390
100 ## - MAIN ENTRY--PERSONAL NAME
Personal name Robson, B.
245 ## - TITLE STATEMENT
Title Creating an efficient working environment
260 ## - PUBLICATION, DISTRIBUTION, ETC.
Date of publication, distribution, etc. 2004
490 ## - SERIES STATEMENT
Series statement Facilities Management
Volume/sequential designation 12(3) December 2004, 18-19(2)
520 ## - SUMMARY, ETC.
Summary, etc. Stresses the importance to business of keeping a well maintained and run building. Points out that 38% of buildings are inefficient and that the facilities manager has a substantial job to make sure that everything is run cost effectively. A good workspace environment can be conducive to productivity levels with an increase of 4% through improvements in the workspace.
590 ## - LOCAL NOTE (RLIN)
Local note ABS
590 ## - LOCAL NOTE (RLIN)
Local note ABS
650 ## - SUBJECT ADDED ENTRY--TOPICAL TERM
Topical term or geographic name entry element WORKING ENVIRONMENT
650 ## - SUBJECT ADDED ENTRY--TOPICAL TERM
Topical term or geographic name entry element FACILITIES MANAGERS
650 ## - SUBJECT ADDED ENTRY--TOPICAL TERM
Topical term or geographic name entry element ENERGY-EFFICIENCY
650 ## - SUBJECT ADDED ENTRY--TOPICAL TERM
Topical term or geographic name entry element COST-EFFECTIVENESS
650 ## - SUBJECT ADDED ENTRY--TOPICAL TERM
Topical term or geographic name entry element PRODUCTIVITY
690 ## - LOCAL SUBJECT ADDED ENTRY--TOPICAL TERM (OCLC, RLIN)
Topical term or geographic name as entry element PROPERTY MANAGEMENT
9 (RLIN) 6262
942 ## - ADDED ENTRY ELEMENTS (KOHA)
Suppress in OPAC 0
Holdings
Withdrawn status Lost status Source of classification or shelving scheme Damaged status Not for loan Home library Current library Shelving location Date acquired Total Checkouts Full call number Barcode Date last seen Copy number Price effective from Koha item type
    Dewey Decimal Classification     London London Journal article 22/12/2004   ABS68569 128390-1001 06/08/2019 1 06/08/2019 Journal article